000 00897nam a22003137a 4500
001 0074
003 DO-SdBNP
005 20180119091521.0
007 0074
008 151015b sp 1986 xxu||||| |||| 00| 0 spa d
020 _a8426109586
040 _aBPMSU
_bspa
_cBPMSU
092 _axxxxxxx
_bxxxxxxx
100 1 4 _aBlyton, Enid
240 1 0 _aFive go down to the sea /
_leng
245 _aLos cinco junto al mar /
_cEnid Blyton ; traducción Isabel Ulsamer ; ilustración José Correas
250 _a12a ed.
260 _aBarcelona, España :
_bJuventud,
_c1986
300 _a159 p. :
_bil.,
_c20 cm.
490 _aLos cinco
_v35
490 _aJuventud
_v35
700 1 0 _aUlsamer, Isabel,
_etr.
700 1 0 _aCorreas, José,
_eil.
830 _aLos cinco
_n35
830 _aJuventud
_n35
942 _2ddc
_cBK
945 _aInventariado, 2018 / YL
956 _aBrenda Tavárez
_b10
_cBPMSU
999 _c8385
_d8385